Klikkaa käännöstä - latina - Statistics

Yleistilastot
  • Tätä visaa on pelattu 1 026 kertaa
  • Keskiarvotulos 10 / 20
Vastaustilastot
Hint Vastaus % Oikein
Vesi Aqua
92%
Susi Lupus
72%
Äiti Mater
69%
Meri Mare
68%
Maa Terra
68%
Kuningatar Regina
65%
Opettaja Magister
62%
Ääni Vox
60%
Sata Centum
59%
Totuus Veritas
57%
Talo Domus
53%
Mitä Quid
51%
Hitaasti Lente
46%
Aina Semper
41%
Uskoa Credo
38%
Tämä Hoc
37%
Yläpuolella Supra
34%
Siksi Ergo
32%
Sininen Caeruleum
24%
Ahne Avarus
21%
Ehtoja vastaavia visoja ei löytynyt
Tulosjakauma
Jokaisen tuloksen saaneiden osuus
Persentiili vastausten määrän mukaan
Tuloshistoriasi
Et ole pelannut tätä visaa